000 01402nam a22003733i 4500
001 EBC7085452
003 MiAaPQ
005 20240318101343.0
007 cr cnu||||||||
008 230119s2022 xx o ||||0 ger d
020 _a9783839301579
_q(electronic bk.)
020 _z9783898091992
040 _aMiAaPQ
_beng
_cMiAaPQ
100 1 _aDornblüth, Gesine.
_919592
_4aut
_eauthor
245 1 0 _aRuhmlose Helden :
_bein Flugzeugabsturz und die Tücken deutsch-russischer Verständigung
_cGesine Dornblüth ; Thomas Franke
264 1 _aBerlin :
_bbe.bra verlag,
_c2022.
264 4 _c{copy}2022.
300 _a1 online resource (160 pages)
336 _aText
_btxt
_2rdacontent
337 _aComputermedien
_bc
_2rdamedia
338 _aOnline Resource
_bcr
_2rdacarrier
500 _aE-Book-ProQuest / Fernzugriff nach Registrierung möglich
648 _a1966
_919650
650 4 _aJagdbomber
_919647
650 4 _aFlugzeugabsturz
_919648
651 4 _aSowjetunion
_919649
651 4 _aBerlin (West)
_92208
655 4 _aElectronic books.
655 _aFernzugriff
_9230
700 1 _aFranke, Thomas.
_919568
_4aut
_eauthor
776 0 8 _iPrint version:
_aDornblüth, Gesine
_tRuhmlose Helden
_dBerlin : be.bra verlag,c2022
_z9783898091992
856 4 0 _uhttps://ebookcentral.proquest.com/lib/maxweberstiftung-ebooks/detail.action?docID=7085452
_zVolltext
942 _cEB
_2z
999 _c61522
_d61522